Language Quiz

Random Language or Animal Quiz

Animal Expressions: Double Animal Edition Quiz Stats

 Plays Quiz not verified by Sporcle

Score 0/30 Timer 04:00
0 Plays Today
% Correct
bird
95.1%
worm
94.7%
wolf
92.4%
sheep
92.3%
cats
90.9%
dogs
90.8%
cat
88.7%
mouse
87.8%
cat
86.2%
mice
85%
bees
84.3%
birds
84.2%
cat
79%
goose
78.1%
gander
77.8%
% Correct
lion
67.2%
lamb
66.4%
hen
60.6%
dog
60.4%
pony
60.1%
fox
58.2%
dogs
57%
canary
56.4%
fleas
52.7%
bull
45.7%
cock
45.6%
sheep
20.2%
goats
17.7%
lion
15.3%
dog
12.4%

You're not logged in!

Compare scores with friends on all Sporcle quizzes.
OR
Log In

Show Comments

Extras

Top Quizzes Today


Score Distribution

Your Account Isn't Verified!

In order to create a playlist on Sporcle, you need to verify the email address you used during registration. Go to your Sporcle Settings to finish the process.

Report this User

Report this user for behavior that violates our Community Guidelines.

Details: